[Event "Ottawa EOCA op"]
[Site "Ottawa"]
[Date "2023.03.04"]
[Round "4"]
[White "Kot, Emanuel"]
[Black "Stopic, Alexander"]
[Result "1-0"]
[WhiteElo "2114"]
[BlackElo "1851"]
[PlyCount "101"]
[EventDate "2023.03.03"]
[EventType "swiss"]
[EventRounds "5"]
[EventCountry "CAN"]
[SourceTitle "CBM 213 Extra"]
[Source "ChessBase"]
[SourceDate "2023.05.31"]
[SourceVersion "1"]
[SourceVersionDate "2023.05.31"]
[SourceQuality "1"]

1. e4 c6 2. d4 d5 3. Nc3 dxe4 4. Nxe4 Bf5 5. Ng3 Bg6 6. h4 h6 7. Nf3 Nd7 8. h5 Bh7 9. Bd3 Bxd3 10. Qxd3 e6 11. Bd2 Ngf6 12. 0-0-0 Be7 13. Kb1 0-0 14. Ne4 Nxe4 15. Qxe4 Nf6 16. Qe2 Qd5 17. Ne5 Qe4 18. Qxe4 Nxe4 19. Be1 c5 20. f3 Nf6 21. Bf2 Rac8 22. g4 b6 23. c4 Bd6 24. b3 Rfd8 25. Rhe1 Bxe5 26. dxe5 Ne8 27. Bh4 Rxd1+ 28. Rxd1 g5 29. Bg3 f5 30. exf6 Nxf6 31. Be5 Rf8 32. Rd3 Rf7 33. Rd8+ Kh7 34. Kc2 Ng8 35. Kd2 Nf6 36. Ke3 Kg7 37. a3 Re7 38. b4 cxb4 39. axb4 Kf7 40. Rh8 Ng8 41. b5 Rd7 42. Ke4 Kf8 43. f4 gxf4 44. Bxf4 Kg7 45. Be5+ Kf8 46. g5 hxg5 47. h6 Rd8 48. h7 Kf7 49. Rxg8 Rxg8 50. hxg8Q+ Kxg8 51. Bb8 1-0

[Event "Ontario-ch U20 U1800"]
[Site "Mississauga"]
[Date "2018.01.27"]
[Round "2.13"]
[White "Li, Kevin"]
[Black "Stopic, Alexander"]
[Result "1-0"]
[WhiteElo "1774"]
[BlackElo "1686"]
[PlyCount "77"]
[EventDate "2018.01.27"]
[EventType "swiss"]
[EventRounds "5"]
[EventCountry "CAN"]
[SourceTitle "EXT 2022"]
[Source "ChessBase"]
[SourceDate "2021.10.06"]
[SourceVersion "1"]
[SourceVersionDate "2021.10.06"]
[SourceQuality "1"]

1. e4 e5 2. Nf3 Nc6 3. Bc4 Bc5 4. c3 Nf6 5. d3 h6 6. 0-0 d6 7. h3 0-0 8. Re1 Re8 9. Nbd2 Bd7 10. Bb3 Re7 11. Nf1 Qe8 12. Ng3 Rd8 13. Nh2 Be6 14. c4 Nd4 15. Nf3 c6 16. Nxd4 Bxd4 17. Qf3 d5 18. Bxh6 dxe4 19. dxe4 Bxb2 20. Rab1 gxh6 21. Qxf6 Bc3 22. Qxh6 Bxe1 23. Nh5 f5 24. Nf6+ Kf7 25. Nxe8 Rdxe8 26. Rxe1 f4 27. c5 Rg8 28. f3 Rg6 29. Qh7+ Kf6 30. Qh4+ Rg5 31. Bxe6 Rxe6 32. Rb1 Re7 33. Rd1 Reg7 34. Qh6+ Ke7 35. Rd2 R5g6 36. Qh8 Rg3 37. Qd8+ Ke6 38. Rd6+ Kf7 39. Rf6# 1-0

[Event "CAN-ch U12"]
[Site "Sault Ste Marie"]
[Date "2017.07.09"]
[Round "6.65"]
[White "Feng, Richard"]
[Black "Stopic, Alexander"]
[Result "1/2-1/2"]
[WhiteElo "1164"]
[BlackElo "1502"]
[PlyCount "75"]
[EventDate "2017.07.06"]
[EventType "swiss"]
[EventRounds "7"]
[EventCountry "CAN"]
[SourceTitle "EXT 2022"]
[Source "ChessBase"]
[SourceDate "2021.10.06"]
[SourceVersion "1"]
[SourceVersionDate "2021.10.06"]
[SourceQuality "1"]

1. d4 d5 2. c4 c6 3. Nf3 Nf6 4. cxd5 cxd5 5. Nc3 Nc6 6. h3 e6 7. Bg5 h6 8. Bh4 Be7 9. Bxf6 Bxf6 10. e3 a6 11. Be2 Qb6 12. Qd2 0-0 13. 0-0 Bd7 14. Na4 Qa7 15. Nc5 Rfd8 16. Rfd1 Be8 17. Rac1 Rac8 18. Qd3 Nb8 19. Qb3 Bc6 20. Qa3 Be7 21. b4 Qb6 22. Ne5 Bb5 23. Bxb5 Qxb5 24. Qb3 Bxc5 25. Rxc5 Rxc5 26. bxc5 Qxb3 27. axb3 Nc6 28. Nxc6 bxc6 29. Ra1 Ra8 30. f3 Kf8 31. Kf2 Ke7 32. e4 Kd7 33. b4 Kc7 34. Ke3 Kb7 35. e5 Rb8 36. Kd3 Ka7 37. Kc3 Rb5 38. Ra5 1/2-1/2

[Event "CAN-ch U12"]
[Site "Sault Ste Marie"]
[Date "2017.07.06"]
[Round "2.59"]
[White "Zhao, Ian"]
[Black "Stopic, Alexander"]
[Result "1-0"]
[WhiteElo "1930"]
[BlackElo "1502"]
[PlyCount "47"]
[EventDate "2017.07.06"]
[EventType "swiss"]
[EventRounds "7"]
[EventCountry "CAN"]
[SourceTitle "EXT 2022"]
[Source "ChessBase"]
[SourceDate "2021.10.06"]
[SourceVersion "1"]
[SourceVersionDate "2021.10.06"]
[SourceQuality "1"]

1. e4 e5 2. Nf3 Nc6 3. Bc4 Nf6 4. d3 Be7 5. 0-0 0-0 6. c3 d6 7. Nbd2 Bg4 8. h3 Bh5 9. Re1 Na5 10. Bb5 c6 11. Ba4 b5 12. Bc2 Nb7 13. b4 a5 14. Nf1 h6 15. a3 Qc7 16. Ng3 Bg6 17. Bb2 Rad8 18. Nh4 Rfe8 19. Bb3 Bh7 20. Nhf5 Bf8 21. Qf3 Nd7 22. Bxf7+ Kxf7 23. Nxh6+ Kg6 24. Qf5+ 1-0